| 000 | 00747nam a2200265Ia 4500 | ||
|---|---|---|---|
| 005 | 20260302115925.0 | ||
| 008 | 008 260114s9999 xx 000 0 eng d | ||
| 020 | _a9781978733213 | ||
| 037 | _aTextbook | ||
| 040 | _aCRL | ||
| 040 | _beng | ||
| 040 | _cCRL | ||
| 041 | _2eng | ||
| 041 | _aeng | ||
| 084 | _qCRL | ||
| 100 |
_aAlfred R. Cowger _91123087 |
||
| 245 | 4 | _aThe Threats of Algorithms and AI to Civil Rights, Legal Remedies, and American Jurisprudence One Nation Under Algorithms | |
| 260 | _bBloomsbury | ||
| 260 | _bLexington Books | ||
| 260 | _c2020 | ||
| 650 | _aLaw | ||
| 856 | _uhttps://doi.org/10.5040/9781978733213?locatt=label:secondary_bloomsburyCollections | ||
| 942 | _cEBOOK | ||
| 999 |
_c1687935 _d1687935 |
||